00858cas a22002057ar450000500170000000800410001701000100005801100100006803500100007824501040008826000700019230000070026231000120026936200180028165000440029965000460034378000640038978501660045386600330061920220329142117.0990708d19121917it mr pernn 0 uub0ita d a78584 a79556 a8981900aBulletin Mensual d'Institutions Economiques et Socialesc/par Institut International de Agriculture0 aRoma, Italia :bInstitut International de Agriculture,c1912-1917 av. aMensual av.8 n.1, 191714aEconomíaxPublicaciones periódicas.14aSociologíaxPublicaciones periódicas.14tBulletin du Bureau des Institutions Economiques et Sociales14tBulletin Mensuel de Renseignemments Economiques et Sociaux, Bulletin Mensuel de Renseignements Techniques, Bulletin Mensuel de Statistique Agricole et Comerciale av.3 n.4-v.8 n.12 (1912-1917)